A First course in linear algebra, with concurrent examples / (Record no. 3913)
[ view plain ]
| 000 -LEADER | |
|---|---|
| fixed length control field | 00588cam a22001932 4500 |
| 001 - CONTROL NUMBER | |
| control field | 0000019396 |
| 005 - DATE AND TIME OF LATEST TRANSACTION | |
| control field | 20151217145913.0 |
| 008 - FIXED-LENGTH DATA ELEMENTS--GENERAL INFORMATION | |
| fixed length control field | 101113s xx 000 0 eng d |
| 020 ## - INTERNATIONAL STANDARD BOOK NUMBER | |
| International Standard Book Number | 0521310413 : |
| 040 ## - CATALOGING SOURCE | |
| Original cataloging agency | KABU |
| Transcribing agency | KABU |
| 050 #0 - LIBRARY OF CONGRESS CALL NUMBER | |
| Classification number | QA184 |
| Item number | .H36 1987 |
| 100 1# - MAIN ENTRY--PERSONAL NAME | |
| Personal name | Hamilton, A. G. |
| -- | 0000154960 |
| 245 12 - TITLE STATEMENT | |
| Title | A First course in linear algebra, with concurrent examples / |
| Statement of responsibility, etc. | A. G. Hamilton. |
| 260 ## - PUBLICATION, DISTRIBUTION, ETC. (IMPRINT) | |
| Place of publication, distribution, etc. | Cambridge : |
| Name of publisher, distributor, etc. | CUP, |
| Date of publication, distribution, etc. | 1987. |
| 300 ## - PHYSICAL DESCRIPTION | |
| Extent | vii, 148 p. |
| 650 #0 - SUBJECT ADDED ENTRY--TOPICAL TERM | |
| Topical term or geographic name as entry element | Algebras, Linear. |
| -- | 0000154658 |
| 852 1# - LOCATION | |
| -- | p2470 KES |
| 950 ## - LOCAL HOLDINGS (RLIN) | |
| -- | 1 |
| Withdrawn status | Lost status | Source of classification or shelving scheme | Not for loan | Home library | Current library | Date acquired | Total Checkouts | Full call number | Barcode | Date last seen | Date last checked out | Price effective from | Koha item type | Total Renewals |
|---|---|---|---|---|---|---|---|---|---|---|---|---|---|---|
| Library of Congress Classification | Kabarak, Main Campus | Kabarak, Main Campus | 17/12/2015 | 7 | QA184 .H36 1987 c. 1 | 23569 | 17/03/2023 | 06/02/2023 | 17/12/2015 | General Collection | ||||
| Library of Congress Classification | Kabarak, Main Campus | Kabarak, Main Campus | 17/12/2015 | 15 | QA184 .H36 1987 c. 2 | 23570 | 26/07/2023 | 09/07/2023 | 17/12/2015 | General Collection | 1 |